Lease renewals (Record no. 103008)

MARC details
000 -LEADER
fixed length control field 01454cam a2200313 4500
008 - FIXED-LENGTH DATA ELEMENTS--GENERAL INFORMATION
fixed length control field #DATE n2003 000 0 eng u
020 ## - INTERNATIONAL STANDARD BOOK NUMBER
International Standard Book Number 1904338167
035 ## - SYSTEM CONTROL NUMBER
System control number (Sirsi) u123190
041 ## - LANGUAGE CODE
Language code of text/sound track or separate title eng
050 ## - LIBRARY OF CONGRESS CALL NUMBER
Classification number 346.4104346
-- 18
100 ## - MAIN ENTRY--PERSONAL NAME
Personal name Gillett, Alan
245 ## - TITLE STATEMENT
Title Lease renewals
Remainder of title a CPD study pack
250 ## - EDITION STATEMENT
Edition statement 2nd ed.
260 ## - PUBLICATION, DISTRIBUTION, ETC.
Place of publication, distribution, etc. Reading
Name of publisher, distributor, etc. College of Estate Management
Date of publication, distribution, etc. 2003
300 ## - PHYSICAL DESCRIPTION
Extent 61p.
Dimensions 30cm. + 1 audio cassette (ca. 60 min.) and addenda 2001 (6p.
-- 30cm.)
350 ## - PRICE (NR) (BK AM CF MU VM SE) [OBSOLETE]
Price 48.50
490 ## - SERIES STATEMENT
Series statement College of Estate Management CPD Study Pack
520 ## - SUMMARY, ETC.
Summary, etc. Second edition of this CPD study pack introduces the current law and practice surrounding the renewal of commercial leases under the Landlord and Tenant Act 1954. Sets out a statutory timetable to be followed in the lease renewal procedure and explains the relevant sections of the Act dealing with valuation, compensation, renewal terms and interim rents. Includes reference to case law and a bibliography.
520 ## - SUMMARY, ETC.
Summary, etc. Includes the Owlion Audio Presentation "Lease renewals 1998: truce or battle?" (M91417) which is available to borrow separately.
520 ## - SUMMARY, ETC.
Summary, etc. Supersedes first edition (ISBN 1899769412).
520 ## - SUMMARY, ETC.
Summary, etc. Withdrawn
650 ## - SUBJECT ADDED ENTRY--TOPICAL TERM
Topical term or geographic name entry element LEASE RENEWAL
650 ## - SUBJECT ADDED ENTRY--TOPICAL TERM
Topical term or geographic name entry element LEASES
650 ## - SUBJECT ADDED ENTRY--TOPICAL TERM
Topical term or geographic name entry element COMMERCIAL LEASES
650 ## - SUBJECT ADDED ENTRY--TOPICAL TERM
Topical term or geographic name entry element LANDLORD AND TENANT ACT 1954
690 ## - LOCAL SUBJECT ADDED ENTRY--TOPICAL TERM (OCLC, RLIN)
Topical term or geographic name as entry element LANDLORD AND TENANT
9 (RLIN) 6252
710 ## - ADDED ENTRY--CORPORATE NAME
Corporate name or jurisdiction name as entry element College of Estate Management
9 (RLIN) 400
942 ## - ADDED ENTRY ELEMENTS (KOHA)
Suppress in OPAC 0
Holdings
Withdrawn status Lost status Source of classification or shelving scheme Damaged status Not for loan Home library Current library Shelving location Date acquired Cost, normal purchase price Total Checkouts Full call number Barcode Date last seen Date last checked out Copy number Cost, replacement price Price effective from Koha item type
    Dewey Decimal Classification     London London Basement 11/09/2003 48.50 48 SHELF 330 30067736 06/08/2019 25/06/2008 3 48.50 06/08/2019 Audio